01042nam a2200229 a 450000100100000000500170001000800410002702000180006804000250008610000380011124500970014926000430024630000170028950000210030650400290032750000550035650500490041195201130046095201080057395201140068199900170079500004474520201002045608.0150108s2014 dr 000 0 spa d a9789945081404 aDO-SdBNPbspacBNPHU1 aPiña Martínez, Alfredo93625610aPrecedentes Vinculantes del Tribunal Constitucional Dominicano /cAlfredo Piña Martínez. aSanto Domingo :bSoto Castillo,c2014. av. ;c25 cm. aIncluye índice aBibliografía : 649-650 aIncluye datos biográficos del autor en la solapa av. 1tTC/0001 del 2012 a la TC/0060 del 2014 0010718PDaGRbGRcCTd2015-01-08iLF1l0ov.1, e. 3p44745-30r2020-06-25w2020-06-25yLFPDZNo se presta 0010718PDaPDbPDcCTd2015-01-08iLF1l0ov. 1p44745-10r2020-06-25w2020-06-25yLFPDZNo se presta 0010718PDaPDbPDcCTd2015-01-08iLF1l0ov. 1, e. 2p44745-20r2020-06-25w2020-06-25yLFPDZNo se presta c44234d44234